Driving forces of development of society in a market economy
Society is a set of individuals united by social and economic relations in the process of historical development. Needs are the main driving forces of its development. Aim of the research is an integrated study of the vital, social and economic needs as the main motivating factors of human activity....
Elmentve itt :
| Szerző: | |
|---|---|
| Testületi szerző: | |
| Dokumentumtípus: | Könyv része |
| Megjelent: |
University of Szeged Faculty of Economics and Business Administration
Szeged
2013
|
| Sorozat: | Proceedings of the "Scientific Management" and Management Science Today International Scientific Conference
|
| Kulcsszavak: | Piacgazdálkodás |
| Tárgyszavak: | |
| Online Access: | http://acta.bibl.u-szeged.hu/57908 |
| LEADER | 02086naa a2200229 i 4500 | ||
|---|---|---|---|
| 001 | acta57908 | ||
| 005 | 20221212135810.0 | ||
| 008 | 190516s2013 hu o 1|| eng d | ||
| 020 | |a 978-963-306-176-3 | ||
| 040 | |a SZTE Egyetemi Kiadványok Repozitórium |b hun | ||
| 041 | |a eng | ||
| 100 | 1 | |a Monastyrnaâ Elena | |
| 245 | 1 | 0 | |a Driving forces of development of society in a market economy |h [elektronikus dokumentum] / |c Monastyrnaâ Elena |
| 260 | |a University of Szeged Faculty of Economics and Business Administration |b Szeged |c 2013 | ||
| 300 | |a 344-347 | ||
| 490 | 0 | |a Proceedings of the "Scientific Management" and Management Science Today International Scientific Conference | |
| 520 | 3 | |a Society is a set of individuals united by social and economic relations in the process of historical development. Needs are the main driving forces of its development. Aim of the research is an integrated study of the vital, social and economic needs as the main motivating factors of human activity. The well-known structure of vital and social human needs was proposed by the famous American scientist A. Maslow. In this paper the development of Maslow’s ideas is presented. The needs of the human being with his different roles in society (as a consumer, customer, producer and seller of goods) were analyzed. Modern economics considers the movement of mass goods and financial flows which obey economic laws. Specific vital, social and economic needs of the individual are represented, usually indirectly, as the needs of economic players. In this paper the hierarchy of needs of producers as participants of market economy is developed. Complex research of motivating factors of human activity allowed us to develop the system of human needs. | |
| 650 | 4 | |a Társadalomtudományok | |
| 650 | 4 | |a Közgazdasági és gazdálkodástudományok | |
| 695 | |a Piacgazdálkodás | ||
| 711 | |a Principles of Scientific Management : International Scientific Conference |c Szeged |d 2011 | ||
| 856 | 4 | 0 | |u http://acta.bibl.u-szeged.hu/57908/1/proceedings_of_the_scientific_management_344-347.pdf |z Dokumentum-elérés |